Biggest country of every letter in the alphabet - Statistics

General Stats
  • This quiz has been taken 113 times
  • The average score is 18 of 24
Answer Stats
Hint Answer % Correct
C Canada
94%
R Russia
94%
B Brazil
93%
A Australia
91%
F France
91%
I India
85%
Z Zambia
84%
O Oman
83%
Q Qatar
83%
K Kazakhstan
82%
Y Yemen
82%
U USA
81%
D DRC
77%
J Japan
76%
E Ethiopia
75%
G Germany
75%
H Honduras
69%
V Venezuela
68%
M Mexico
67%
N Niger
66%
P Pakistan
64%
L Libya
59%
T Tanzania
49%
S South africa
43%
No matching quizzes found
Score Distribution
Percent of People with Each Score
Percentile by Number Answered
Your Score History
You have not taken this quiz